00925 2200193 4500001002100000005001500021035002000036008004100056245004300097100002200140250000600162260002800168300001200196084001400208082000800222650001000230520047900240990001200719INLIS00000000000099520240529074233 a0010-0524000230240529 1 ind 1 aMaaf Yang Terindah /cEidelweis Almira aAlmira, Eidelweis a1 aJakarta :bZettu,c2013 a188 hlm a813 EID m a813 4aFiksi aPemaaf bukan saja pemenang, namun ia juga penenang. Manusia tempatnya salah dan akrab dengan khilaf. Namun, hanya sedikit manusia yang masuk jajaran pemaaf, berhati lapang, berjiwa luas, berpikir cerdas dan menjalani hidup dengan ikhlas adalah manusia yang berjiwa pemaaf. Prinsipnya, Tuhan maaf pemaaf, kenapa kita yang ham-Nya tidak? Buku ini mengisahkan cerita menyentuh tentang luka, lara, sakit yang termaafkan karena cinta dan sayang melebih segala semata karena-Nya. a0743972